[Event "Cappelle Online Blitz op"]
[Site "Europe Echecs INT"]
[Date "2022.01.09"]
[Round "2"]
[White "Joly, Fabrice"]
[Black "Matnadze, Ana"]
[Result "1/2-1/2"]
[WhiteElo "1958"]
[BlackElo "2423"]
[PlyCount "128"]
[EventDate "2022.01.09"]
[EventType "swiss (blitz)"]
[EventRounds "11"]
[EventCountry "FRA"]
[SourceTitle "EXT 2023"]
[Source "ChessBase"]
[SourceDate "2022.10.05"]
[SourceVersion "1"]
[SourceVersionDate "2022.10.05"]
[SourceQuality "1"]

1. d4 Nf6 2. Nf3 e6 3. g3 b6 4. Bg2 Bb7 5. 0-0 g6 6. c4 Bg7 7. b3 0-0 8. Bb2 d5 9. Nbd2 Na6 10. e3 c5 11. Qe2 Qe7 12. Rfe1 Rfd8 13. Rac1 Rac8 14. a3 dxc4 15. Nxc4 cxd4 16. Nxd4 Nc5 17. Bxb7 Qxb7 18. b4 Na4 19. Ba1 Nd5 20. Qf3 Qe7 21. b5 Rd7 22. Nc6 Qf8 23. Bxg7 Qxg7 24. N4e5 Rdc7 25. e4 Ndc3 26. Rxc3 Nxc3 27. Qxc3 h5 28. h4 f6 29. Nc4 Rd7 30. Qb4 Qf8 31. Qxf8+ Kxf8 32. e5 f5 33. Nd6 Rcc7 34. Rc1 Rg7 35. f4 Rgd7 36. Rc4 Rg7 37. Kf2 Rgd7 38. Ke3 Rh7 39. a4 Rhd7 40. Kd4 Rc8 41. Kc3 Rcc7 42. Kb4 Rg7 43. a5 Rgd7 44. axb6 axb6 45. Nb8 Rxc4+ 46. Kxc4 Ra7 47. Kb4 Ra1 48. Nd7+ Ke7 49. Nxb6 Kd8 50. Nbc4 Kc7 51. b6+ Kc6 52. b7 Kc7 53. Kc5 Rc1 54. Kd4 Rd1+ 55. Ke3 Rb1 56. Na5 Rb2 57. Ndc4 Ra2 58. Kd4 Ra1 59. Kc5 Rc1 60. Kb5 Rb1+ 61. Kc5 Rc1 62. Kb5 Rb1+ 63. Kc5 Ra1 64. Kb5 Rb1+ 1/2-1/2

[Event "Cappelle Online Blitz op"]
[Site "Europe Echecs INT"]
[Date "2022.01.09"]
[Round "4"]
[White "Joly, Fabrice"]
[Black "Roussat, Fabien"]
[Result "1-0"]
[WhiteElo "1958"]
[BlackElo "1681"]
[PlyCount "55"]
[EventDate "2022.01.09"]
[EventType "swiss (blitz)"]
[EventRounds "11"]
[EventCountry "FRA"]
[SourceTitle "EXT 2023"]
[Source "ChessBase"]
[SourceDate "2022.10.05"]
[SourceVersion "1"]
[SourceVersionDate "2022.10.05"]
[SourceQuality "1"]

1. d4 d5 2. Nf3 Nf6 3. g3 e6 4. Bg2 b5 5. 0-0 Be7 6. a4 b4 7. c3 Bb7 8. cxb4 Bxb4 9. Bd2 Qe7 10. Bxb4 Qxb4 11. Qd2 Na6 12. Nc3 0-0 13. Rfc1 c5 14. dxc5 Nxc5 15. Nxd5 Qxd2 16. Nxf6+ gxf6 17. Nxd2 Bxg2 18. Kxg2 Rfc8 19. b4 Nd7 20. Ne4 Ne5 21. Nd6 Rd8 22. Nc4 Nxc4 23. Rxc4 Rd2 24. Kf3 f5 25. b5 Rb2 26. Rac1 Ra2 27. R1c2 Rb8 28. Rxa2 1-0

[Event "Cappelle Online Blitz op"]
[Site "Europe Echecs INT"]
[Date "2022.01.09"]
[Round "3"]
[White "Shoker, Samy"]
[Black "Joly, Fabrice"]
[Result "1-0"]
[WhiteElo "2491"]
[BlackElo "1958"]
[PlyCount "95"]
[EventDate "2022.01.09"]
[EventType "swiss (blitz)"]
[EventRounds "11"]
[EventCountry "FRA"]
[SourceTitle "EXT 2023"]
[Source "ChessBase"]
[SourceDate "2022.10.05"]
[SourceVersion "1"]
[SourceVersionDate "2022.10.05"]
[SourceQuality "1"]

1. Nf3 Nf6 2. c4 g6 3. g3 Bg7 4. Bg2 0-0 5. 0-0 d6 6. d3 e5 7. Nc3 Nc6 8. Rb1 h6 9. b4 Be6 10. b5 Ne7 11. a4 Qd7 12. Ba3 Bh3 13. c5 Bxg2 14. Kxg2 b6 15. c6 Qe6 16. e4 Nh7 17. Re1 Rae8 18. a5 f5 19. Qb3 Qxb3 20. Rxb3 f4 21. g4 g5 22. Nd2 Nf6 23. f3 h5 24. h3 h4 25. Ra1 Nc8 26. Nc4 Rd8 27. Bb4 Rfe8 28. axb6 axb6 29. Ra8 Ne7 30. Ra7 d5 31. Bxe7 Rxe7 32. exd5 Nxd5 33. Nxd5 Rxd5 34. Nxb6 Rc5 35. Nc4 Bf6 36. Kf2 Kf7 37. Ke2 Ke6 38. Ra8 Rf7 39. Rg8 Rg7 40. Rc8 Rf7 41. Kd2 Rg7 42. Rf8 Rh7 43. Kc3 e4+ 44. Rxf6+ Kxf6 45. dxe4 Ke6 46. Kd4 Re5 47. Nxe5 Kd6 48. Nc4+ 1-0

[Event "C'Chartres Blitz op April"]
[Site "Europe Echecs INT"]
[Date "2021.04.10"]
[Round "1"]
[White "Joly, Fabrice"]
[Black "Penet, Eric"]
[Result "1-0"]
[WhiteElo "1976"]
[BlackElo "1274"]
[PlyCount "87"]
[EventDate "2021.04.10"]
[EventType "swiss (blitz)"]
[EventRounds "11"]
[EventCountry "FRA"]
[SourceTitle "CBM 201 Extra"]
[Source "ChessBase"]
[SourceDate "2021.05.31"]
[SourceVersion "1"]
[SourceVersionDate "2021.05.31"]
[SourceQuality "1"]

1. e4 c5 2. b4 cxb4 3. a3 bxa3 4. Nxa3 d6 5. d4 e6 6. Bd3 Nf6 7. Be3 Nc6 8. h3 g6 9. Ne2 Bg7 10. 0-0 0-0 11. f4 a6 12. c3 b5 13. Nxb5 Bd7 14. Nxd6 Ne8 15. Nxe8 Rxe8 16. Rxa6 Qc8 17. Rxa8 Qxa8 18. Qd2 Rb8 19. Rb1 h6 20. Rxb8+ Nxb8 21. e5 Qa1+ 22. Kh2 Be8 23. Ng3 Nc6 24. Ne4 Na5 25. Nd6 Ba4 26. Qc1 Qa2 27. Qb1 Qd5 28. Be4 Qb3 29. Qxb3 Nxb3 30. Bc2 Nc5 31. dxc5 Bxc2 32. c6 g5 33. c7 Kh7 34. c8Q Bg6 35. fxg5 hxg5 36. Nxf7 Bxf7 37. Bxg5 Bxe5+ 38. g3 Kg6 39. h4 Bd6 40. c4 e5 41. c5 Bxc5 42. Qxc5 e4 43. Qc6+ Kh5 44. Qxe4 1-0

[Event "C'Chartres Blitz op April"]
[Site "Europe Echecs INT"]
[Date "2021.04.10"]
[Round "5"]
[White "Joly, Fabrice"]
[Black "Perolini, Cedric"]
[Result "1/2-1/2"]
[WhiteElo "1976"]
[BlackElo "1706"]
[PlyCount "88"]
[EventDate "2021.04.10"]
[EventType "swiss (blitz)"]
[EventRounds "11"]
[EventCountry "FRA"]
[SourceTitle "CBM 201 Extra"]
[Source "ChessBase"]
[SourceDate "2021.05.31"]
[SourceVersion "1"]
[SourceVersionDate "2021.05.31"]
[SourceQuality "1"]

1. e4 e5 2. Nc3 Nc6 3. f4 exf4 4. d4 g5 5. Bc4 Bg7 6. Nge2 d6 7. h4 h6 8. hxg5 hxg5 9. Rxh8 Bxh8 10. Ng1 Nxd4 11. Qh5 Qf6 12. Nd5 Qg7 13. Nxc7+ Kd7 14. Nxa8 Nxc2+ 15. Kd1 Nxa1 16. Bb5+ Kd8 17. Ne2 Nf6 18. Qh2 Nxe4 19. Qg1 Bd7 20. Qxa7 Bxb5 21. Qb6+ Ke7 22. Qxb5 Nf2+ 23. Ke1 Ne4 24. Qxb7+ Kf8 25. Qxe4 Qe5 26. Qxe5 Bxe5 27. Kd1 g4 28. Nb6 f3 29. gxf3 gxf3 30. Nd7+ Ke7 31. Nxe5 fxe2+ 32. Kxe2 dxe5 33. Kd2 Kd6 34. b3 Kd5 35. Bb2 Nxb3+ 36. axb3 f5 37. Ke3 f4+ 38. Kf3 Kc5 39. Bc3 Kb5 40. Ke4 Kc5 41. Kxe5 f3 42. Be1 f2 43. Bxf2+ Kb4 44. Kd4 Kxb3 1/2-1/2

[Event "Cappelle Online Blitz op"]
[Site "Europe Echecs INT"]
[Date "2021.03.07"]
[Round "3"]
[White "Farthouat, Titoine"]
[Black "Joly, Fabrice"]
[Result "1-0"]
[WhiteElo "1652"]
[BlackElo "1976"]
[PlyCount "61"]
[EventDate "2021.03.07"]
[EventType "swiss (blitz)"]
[EventRounds "11"]
[EventCountry "FRA"]
[SourceTitle "CBM 201 Extra"]
[Source "ChessBase"]
[SourceDate "2021.05.31"]
[SourceVersion "1"]
[SourceVersionDate "2021.05.31"]
[SourceQuality "1"]

1. e4 c5 2. Nf3 Nc6 3. d4 cxd4 4. Nxd4 Qb6 5. Nxc6 bxc6 6. Nc3 Ba6 7. Bd3 Bxd3 8. Qxd3 Nf6 9. Rb1 g6 10. Be3 Qc7 11. 0-0 Bg7 12. f4 d6 13. Rbe1 0-0 14. h3 Nd7 15. Bd4 Bxd4+ 16. Qxd4 Qb6 17. Qxb6 axb6 18. e5 d5 19. e6 Nc5 20. exf7+ Rxf7 21. a3 Raf8 22. g3 h5 23. b4 Nd7 24. Re6 Nb8 25. Rxg6+ Kh7 26. Rg5 Kh6 27. Re1 Re8 28. Ree5 Nd7 29. Rxh5+ Kg6 30. Reg5+ Kf6 31. Rh6# 1-0

[Event "Cappelle Online Blitz op"]
[Site "Europe Echecs INT"]
[Date "2021.03.07"]
[Round "4"]
[White "Joly, Fabrice"]
[Black "Roussat, Fabien"]
[Result "1-0"]
[WhiteElo "1976"]
[BlackElo "1681"]
[PlyCount "57"]
[EventDate "2021.03.07"]
[EventType "swiss (blitz)"]
[EventRounds "11"]
[EventCountry "FRA"]
[SourceTitle "CBM 201 Extra"]
[Source "ChessBase"]
[SourceDate "2021.05.31"]
[SourceVersion "1"]
[SourceVersionDate "2021.05.31"]
[SourceQuality "1"]

1. e4 e5 2. Nc3 Nc6 3. f4 d6 4. Nf3 Nf6 5. Bc4 Be7 6. 0-0 Bg4 7. d3 0-0 8. h3 Bxf3 9. Qxf3 Nd4 10. Qd1 c6 11. Ne2 Nxe2+ 12. Qxe2 b5 13. Bb3 a5 14. a3 Qc7 15. fxe5 dxe5 16. Bg5 c5 17. Bxf6 Bxf6 18. Bd5 Rad8 19. Qg4 Be7 20. Rf3 c4 21. dxc4 bxc4 22. Raf1 Bc5+ 23. Kh1 Rd7 24. Bxc4 Bd4 25. c3 Qxc4 26. Qxd7 Bc5 27. Qd5 Qb5 28. b4 axb4 29. cxb4 1-0

[Event "Cappelle Online Rapid op"]
[Site "Europe Echecs INT"]
[Date "2021.03.06"]
[Round "7"]
[White "Maret, Simon"]
[Black "Joly, Fabrice"]
[Result "1-0"]
[WhiteElo "1758"]
[BlackElo "1976"]
[PlyCount "73"]
[EventDate "2021.03.06"]
[EventType "swiss (rapid)"]
[EventRounds "9"]
[EventCountry "FRA"]
[SourceTitle "CBM 201 Extra"]
[Source "ChessBase"]
[SourceDate "2021.05.31"]
[SourceVersion "1"]
[SourceVersionDate "2021.05.31"]
[SourceQuality "1"]

1. e4 c5 2. Nc3 e6 3. g3 d5 4. d3 d4 5. Nce2 Nc6 6. f4 g6 7. Bg2 Bg7 8. Nf3 Nge7 9. 0-0 0-0 10. g4 e5 11. f5 f6 12. Ng3 g5 13. h4 h6 14. hxg5 hxg5 15. Nh5 Qd6 16. Nxg5 fxg5 17. Bxg5 Bh8 18. f6 Ng6 19. f7+ Rxf7 20. Rxf7 Kxf7 21. Qf3+ Kg8 22. Bf6 Nf4 23. Bxh8 Kxh8 24. Nxf4 exf4 25. Kf2 Kg7 26. Rh1 Bd7 27. Qh3 Qg6 28. Qh4 Rg8 29. e5 Kf7 30. Bd5+ Be6 31. Qh7+ Rg7 32. Bxe6+ Kxe6 33. Qh8 Ke7 34. Qc8 Nd8 35. Qc7+ Ke8 36. Rh8+ Rg8 37. Rh7 1-0

[Event "Ville d'Orsay online Blitz"]
[Site "Europe Echecs INT"]
[Date "2021.02.07"]
[Round "5"]
[White "Belkhodja, Slim"]
[Black "Joly, Fabrice"]
[Result "1-0"]
[WhiteElo "2366"]
[BlackElo "1976"]
[PlyCount "95"]
[EventDate "2021.02.07"]
[EventType "swiss (blitz)"]
[EventRounds "11"]
[EventCountry "FRA"]
[SourceTitle "CBM 200 Extra"]
[Source "ChessBase"]
[SourceDate "2021.03.31"]
[SourceVersion "1"]
[SourceVersionDate "2021.03.31"]
[SourceQuality "1"]

1. Nf3 Nf6 2. g3 g6 3. Bg2 Bg7 4. 0-0 0-0 5. Re1 d6 6. e4 e5 7. h3 Nc6 8. d4 h6 9. d5 Ne7 10. c4 Nd7 11. Nc3 f5 12. Bd2 Nf6 13. Rc1 Bd7 14. b4 fxe4 15. Nxe4 Nxe4 16. Rxe4 Bf5 17. Re1 g5 18. Be3 Qd7 19. Kh2 Bg6 20. c5 Nf5 21. Qd2 Nxe3 22. Qxe3 a6 23. cxd6 cxd6 24. Nd2 Rac8 25. Be4 Bf5 26. Bxf5 Qxf5 27. Ne4 Qd7 28. Kg2 Bf6 29. Qe2 Kg7 30. Qg4 Qxg4 31. hxg4 Be7 32. a4 Kf7 33. f3 Ke8 34. Rh1 Rxc1 35. Rxc1 Kd7 36. Kf2 Rc8 37. Rxc8 Kxc8 38. Ke2 Kc7 39. Kd3 Kd7 40. Kc4 Kc7 41. a5 Kd7 42. Nd2 Bd8 43. Kd3 Ke7 44. Nc4 Bc7 45. Ke4 Kf6 46. Ne3 Kg6 47. Nf5 Bb8 48. f4 1-0

[Event "Ville d'Orsay online Blitz"]
[Site "Europe Echecs INT"]
[Date "2021.02.07"]
[Round "10"]
[White "Joly, Fabrice"]
[Black "Roussat, Fabien"]
[Result "1-0"]
[WhiteElo "1976"]
[BlackElo "1681"]
[PlyCount "109"]
[EventDate "2021.02.07"]
[EventType "swiss (blitz)"]
[EventRounds "11"]
[EventCountry "FRA"]
[SourceTitle "CBM 200 Extra"]
[Source "ChessBase"]
[SourceDate "2021.03.31"]
[SourceVersion "1"]
[SourceVersionDate "2021.03.31"]
[SourceQuality "1"]

1. e4 e6 2. Nc3 d5 3. Nf3 dxe4 4. Nxe4 Be7 5. d4 Nf6 6. Nxf6+ Bxf6 7. c3 b6 8. Bb5+ Nd7 9. Bf4 Bb7 10. Qe2 0-0 11. 0-0-0 a6 12. Bd3 Rc8 13. Kb1 Qe7 14. Ne5 Rfd8 15. Rhg1 c5 16. Nxd7 Rxd7 17. Bxa6 cxd4 18. Bxb7 Rxb7 19. cxd4 Rd8 20. Be5 Rbd7 21. f4 Rd5 22. Rge1 Ra8 23. Qc4 Rda5 24. a3 h6 25. Re3 b5 26. Qc5 Qd8 27. Bc7 b4 28. Bxd8 Rxc5 29. dxc5 Bxd8 30. axb4 Bf6 31. c6 Rc8 32. b5 Kf8 33. Red3 Ke7 34. Rd7+ Ke8 35. Rb7 h5 36. Rdd7 Kf8 37. Rxf7+ Kg8 38. Rfd7 e5 39. fxe5 Bxe5 40. Re7 Bf6 41. Red7 Be5 42. Rd5 Bf6 43. Rxh5 Bd4 44. b3 Bc3 45. Kc2 Bf6 46. Rd5 Kh7 47. Kd3 Kg6 48. h3 Kh7 49. g4 Kg8 50. g5 Bb2 51. g6 Re8 52. Rbd7 Bf6 53. c7 Re1 54. Rd8+ Bxd8 55. Rxd8+ 1-0

[Event "Ville d'Orsay online Blitz"]
[Site "Europe Echecs INT"]
[Date "2021.02.07"]
[Round "7"]
[White "Vlachos, Anatole"]
[Black "Joly, Fabrice"]
[Result "1-0"]
[WhiteElo "2406"]
[BlackElo "1976"]
[PlyCount "79"]
[EventDate "2021.02.07"]
[EventType "swiss (blitz)"]
[EventRounds "11"]
[EventCountry "FRA"]
[SourceTitle "CBM 200 Extra"]
[Source "ChessBase"]
[SourceDate "2021.03.31"]
[SourceVersion "1"]
[SourceVersionDate "2021.03.31"]
[SourceQuality "1"]

1. e4 c5 2. Nf3 Nc6 3. Bb5 Na5 4. 0-0 a6 5. Be2 b5 6. d4 cxd4 7. Nxd4 Bb7 8. Bf3 e6 9. a4 b4 10. Nd2 Bc5 11. N2b3 Nxb3 12. Nxb3 Ba7 13. a5 Ne7 14. Bd2 d5 15. exd5 Nxd5 16. Bxb4 Rb8 17. Ba3 Qg5 18. c4 Nf4 19. g3 Nh3+ 20. Kg2 Qf5 21. Bxb7 Rxb7 22. Nd4 Bxd4 23. Qxd4 Ng5 24. f4 Qe4+ 25. Qxe4 Nxe4 26. Rfd1 f6 27. Rd4 f5 28. Rad1 Kf7 29. Rd7+ Rxd7 30. Rxd7+ Kf6 31. b4 Rc8 32. Bb2+ Kg6 33. Rd4 Rc6 34. Kg1 Rc8 35. b5 axb5 36. cxb5 Rc2 37. a6 Rxb2 38. a7 Ra2 39. b6 Nc5 40. Rd8 1-0

[Event "Cappelle Online Blitz op 1st"]
[Site "Europe Echecs INT"]
[Date "2021.01.10"]
[Round "8"]
[White "Joly, Fabrice"]
[Black "Injac, Teodora"]
[Result "0-1"]
[WhiteElo "1976"]
[BlackElo "2314"]
[PlyCount "170"]
[EventDate "2021.01.10"]
[EventType "swiss (blitz)"]
[EventRounds "11"]
[EventCountry "FRA"]
[SourceTitle "CBM 200 Extra"]
[Source "ChessBase"]
[SourceDate "2021.03.31"]
[SourceVersion "1"]
[SourceVersionDate "2021.03.31"]
[SourceQuality "1"]

1. d4 Nf6 2. Nf3 g6 3. g3 Bg7 4. Bg2 0-0 5. 0-0 d6 6. c4 Nc6 7. Nc3 Bf5 8. a3 a5 9. d5 Nb8 10. Nd4 Bc8 11. Bg5 h6 12. Bf4 e5 13. dxe6 fxe6 14. Nc2 e5 15. Bd2 Nc6 16. Nd5 Be6 17. Bc3 a4 18. Nce3 Kh7 19. Nxf6+ Qxf6 20. Nd5 Qf7 21. Qd3 Bf5 22. e4 Bc8 23. Nb4 Nd4 24. Nc2 Be6 25. Ne3 Nf3+ 26. Kh1 h5 27. Nd5 Nd4 28. f4 Qd7 29. fxe5 dxe5 30. Rad1 Rae8 31. Kg1 Bg4 32. Rd2 Rxf1+ 33. Bxf1 Nf3+ 34. Kh1 Nd4 35. Rf2 Qd8 36. Bg2 c6 37. Ne3 Be6 38. Rf1 Rf8 39. Rxf8 Qxf8 40. Qf1 Qe7 41. Qf2 Qg5 42. Bf1 Bh6 43. Ng2 Qg4 44. Nh4 Qxe4+ 45. Bg2 Qb1+ 46. Bf1 Bxc4 47. Kg1 Qxf1+ 48. Qxf1 Bxf1 49. Kxf1 Bg5 50. Ng2 Kg7 51. Kf2 Kf6 52. Ne1 Ke6 53. Nd3 Kd5 54. Kf1 Bf6 55. Kf2 Kc4 56. Ke3 Bg5+ 57. Ke4 Bf6 58. Nxe5+ Bxe5 59. Kxe5 Nf3+ 60. Kf6 Nxh2 61. Kxg6 Nf1 62. Be5 Kb3 63. Kxh5 Nxg3+ 64. Bxg3 Kxb2 65. Bd6 b6 66. Kg4 c5 67. Kf4 Kxa3 68. Ke4 Kb3 69. Kd3 a3 70. Be5 c4+ 71. Kd2 b5 72. Kc1 b4 73. Kb1 c3 74. Bf4 c2+ 75. Ka1 Kc3 76. Ka2 Kd3 77. Kb3 Ke4 78. Bc1 Kd3 79. Ka2 Kc3 80. Bg5 Kc4 81. Bf4 Kb5 82. Bg5 Ka4 83. Bf4 b3+ 84. Ka1 b2+ 85. Ka2 b1Q# 0-1

[Event "Cappelle Online Blitz op 1st"]
[Site "Europe Echecs INT"]
[Date "2021.01.10"]
[Round "4"]
[White "Ternault, Mathieu"]
[Black "Joly, Fabrice"]
[Result "1-0"]
[WhiteElo "2324"]
[BlackElo "1976"]
[PlyCount "71"]
[EventDate "2021.01.10"]
[EventType "swiss (blitz)"]
[EventRounds "11"]
[EventCountry "FRA"]
[SourceTitle "CBM 200 Extra"]
[Source "ChessBase"]
[SourceDate "2021.03.31"]
[SourceVersion "1"]
[SourceVersionDate "2021.03.31"]
[SourceQuality "1"]

1. b3 e5 2. Bb2 d6 3. d4 Nd7 4. c4 g6 5. Nf3 Bg7 6. e3 Ne7 7. Be2 0-0 8. Nc3 c6 9. Ne4 Qc7 10. dxe5 dxe5 11. Qd6 Qxd6 12. Nxd6 c5 13. Ng5 h6 14. Nge4 b6 15. Nxc8 Raxc8 16. 0-0-0 Nb8 17. Rd6 Rc6 18. Rhd1 Rxd6 19. Rxd6 Nec6 20. Bf3 Rd8 21. a3 Rxd6 22. Nxd6 f5 23. Bd5+ Kf8 24. h4 Ne7 25. Ba8 e4 26. Nb5 Bxb2+ 27. Kxb2 Nec6 28. Kc3 Ke7 29. b4 cxb4+ 30. axb4 Kd7 31. Bb7 a5 32. bxa5 Nxa5 33. Bd5 Ke7 34. Nd4 Nd7 35. Kb4 Nc5 36. f3 1-0

[Event "FRA-ch Blitz Online Qual"]
[Site "Europe Echecs INT"]
[Date "2020.05.16"]
[Round "11"]
[White "Hamon, Christian"]
[Black "Joly, Fabrice"]
[Result "1/2-1/2"]
[WhiteElo "2015"]
[BlackElo "1957"]
[PlyCount "127"]
[EventDate "2020.05.16"]
[EventType "swiss (blitz)"]
[EventRounds "15"]
[EventCountry "FRA"]
[SourceTitle "CBM 196 Extra"]
[Source "ChessBase"]
[SourceDate "2020.07.31"]
[SourceVersion "1"]
[SourceVersionDate "2020.07.31"]
[SourceQuality "1"]

1. Nf3 Nf6 2. g3 g6 3. Bg2 Bg7 4. 0-0 0-0 5. c4 d6 6. Nc3 Nc6 7. Rb1 e5 8. d3 a5 9. a3 Nd7 10. b4 axb4 11. axb4 f5 12. Bg5 Nf6 13. Nd5 Be6 14. Nxf6+ Bxf6 15. Bxf6 Qxf6 16. b5 Nd8 17. Qd2 e4 18. dxe4 Bxc4 19. exf5 Qxf5 20. Nd4 Qd7 21. Qc3 Bf7 22. Rfd1 Ne6 23. Nxe6 Bxe6 24. Bxb7 Rab8 25. Bc6 Qf7 26. f4 Qf6 27. Qxf6 Rxf6 28. Rbc1 Bg4 29. Kf2 Kg7 30. Ra1 Re6 31. Rd2 Re7 32. Ra4 Bd7 33. Bxd7 Rxd7 34. Ra5 Re7 35. Kf3 Kf6 36. e4 Rb7 37. g4 h6 38. h4 h5 39. g5+ Ke6 40. Re2 Kd7 41. Rc2 Re8 42. Rd2 Reb8 43. e5 Rxb5 44. Ra7 Rb3+ 45. Kf2 Rb2 46. Ke3 R8b3+ 47. Rd3 Rxd3+ 48. Kxd3 dxe5 49. fxe5 Rb4 50. e6+ Kxe6 51. Rxc7 Rxh4 52. Rf7 Rg4 53. Rf6+ Ke7 54. Rxg6 Kf7 55. Rf6+ Kg7 56. Ke2 Rxg5 57. Ra6 h4 58. Kf2 h3 59. Ra1 Rg2+ 60. Kf3 Rb2 61. Rh1 h2 62. Kg3 Kg6 63. Rxh2 Rxh2 64. Kxh2 1/2-1/2

[Event "FRA-ch Blitz Online Qual"]
[Site "Europe Echecs INT"]
[Date "2020.05.16"]
[Round "14"]
[White "Mareau, Timothe"]
[Black "Joly, Fabrice"]
[Result "1-0"]
[WhiteElo "1642"]
[BlackElo "1957"]
[PlyCount "33"]
[EventDate "2020.05.16"]
[EventType "swiss (blitz)"]
[EventRounds "15"]
[EventCountry "FRA"]
[SourceTitle "CBM 196 Extra"]
[Source "ChessBase"]
[SourceDate "2020.07.31"]
[SourceVersion "1"]
[SourceVersionDate "2020.07.31"]
[SourceQuality "1"]

1. e4 c5 2. c3 e6 3. d4 d5 4. Be3 cxd4 5. cxd4 dxe4 6. f3 exf3 7. Nxf3 Nf6 8. Bd3 Bb4+ 9. Nc3 0-0 10. 0-0 Nd5 11. Qe1 Nxe3 12. Qxe3 Nc6 13. Qf4 Bd6 14. Qg4 e5 15. Bxh7+ Kh8 16. Qh5 Qf6 17. Bg6+ 1-0

[Event "Nancy Meurthe rapid 17th"]
[Site "Nancy"]
[Date "2019.02.24"]
[Round "2"]
[White "Joly, Fabrice"]
[Black "Brunner, Nicolas"]
[Result "0-1"]
[WhiteElo "2014"]
[BlackElo "2427"]
[PlyCount "117"]
[EventDate "2019.02.24"]
[EventType "swiss (rapid)"]
[EventRounds "9"]
[EventCountry "FRA"]
[SourceTitle "CBM 189 Extra"]
[Source "ChessBase"]
[SourceDate "2019.06.03"]
[SourceVersion "1"]
[SourceVersionDate "2019.06.03"]
[SourceQuality "1"]

1. d4 d5 2. Nf3 Nf6 3. g3 Bf5 4. Nh4 Be4 5. f3 Bg6 6. Nxg6 hxg6 7. Bg2 c6 8. Be3 Nbd7 9. Nd2 e5 10. c3 Bd6 11. Bf2 0-0 12. e3 Re8 13. 0-0 a5 14. Qc2 Qc7 15. Rfe1 a4 16. Rac1 b5 17. e4 dxe4 18. Nxe4 Nxe4 19. fxe4 Nf6 20. Kh1 Re7 21. Re2 Rae8 22. Rce1 Ng4 23. Bg1 Nf6 24. Qd3 Qd7 25. Qf3 Bc7 26. Bf2 Qg4 27. Qxg4 Nxg4 28. Bg1 Nf6 29. Bf3 g5 30. h3 Kh7 31. Kg2 Kg6 32. Bf2 Bb8 33. Kg1 Ba7 34. Bg2 Rd8 35. dxe5 Bxf2+ 36. Kxf2 Rxe5 37. Bf3 Rd3 38. Re3 Rd2+ 39. R3e2 Rd6 40. Re3 Nd7 41. Rd1 Rxd1 42. Bxd1 Nc5 43. Bc2 Kf6 44. Kf3 Ke7 45. g4 Ne6 46. Kg3 f6 47. Re2 Nf4 48. Re1 Ng6 49. Rd1 Re6 50. Rd4 Rd6 51. Rxd6 Kxd6 52. Kf3 Ne5+ 53. Ke2 Nd7 54. b3 axb3 55. axb3 Ke5 56. Ke3 Nc5 57. c4 b4 58. Kf3 Ne6 59. Ke3 0-1